000 00753cam a2200265 4500
008 090401t1991 xxu||||| |||| 00| 0 eng d
020 _a1869930304
035 _a(Sirsi) u44198
041 _aeng
050 _a332.6324
110 _aInvestment Property Databank
_92288
245 4 _aThe IPD property investors digest 1991. - April 1991
260 _aLondon
_bInvestment Property Databank
_c1991
300 _a143p. ; 30cm.
350 _a0
650 _aINDUSTRIAL PROPERTY
650 _aOFFICES
650 _aPROPERTY INVESTMENT
650 _aPROPERTY PERFORMANCE
650 _aSHOPS
650 _aSTATISTICS
690 _aPROPERTY-COMMERCIAL PROPERTY-COMMERCIAL PROPERTY FINANCE AND INVESTMENT
942 _n0
948 _c04/03/1997
999 _c91460
_d91460